Understanding, preparing for , and practicing christian worship/ (Record no. 19465)
[ view plain ]
| 000 -LEADER | |
|---|---|
| fixed length control field | 00523nam a22001817a 4500 |
| 008 - FIXED-LENGTH DATA ELEMENTS--GENERAL INFORMATION | |
| fixed length control field | 220823b |||||||| |||| 00| 0 eng d |
| 020 ## - INTERNATIONAL STANDARD BOOK NUMBER | |
| International Standard Book Number | 0805411682 |
| 050 ## - LIBRARY OF CONGRESS CALL NUMBER | |
| Classification number | BV10.2 |
| Item number | .S44 1996 C.1 |
| 100 ## - MAIN ENTRY--PERSONAL NAME | |
| Personal name | Segler, Franklin M. |
| 245 ## - TITLE STATEMENT | |
| Title | Understanding, preparing for , and practicing christian worship/ |
| Statement of responsibility, etc. | Franklin M. Segler |
| 250 ## - EDITION STATEMENT | |
| Edition statement | 2nd ed. |
| 260 ## - PUBLICATION, DISTRIBUTION, ETC. (IMPRINT) | |
| Place of publication, distribution, etc. | Nashville |
| Name of publisher, distributor, etc. | Broadman &Holman |
| Date of publication, distribution, etc. | 1996 |
| 300 ## - PHYSICAL DESCRIPTION | |
| Extent | vii, 307p. |
| 650 ## - SUBJECT ADDED ENTRY--TOPICAL TERM | |
| Topical term or geographic name as entry element | Worship |
| 650 ## - SUBJECT ADDED ENTRY--TOPICAL TERM | |
| Topical term or geographic name as entry element | Public worship |
| 700 ## - ADDED ENTRY--PERSONAL NAME | |
| Personal name | Bradley. Randall |
| 942 ## - ADDED ENTRY ELEMENTS (KOHA) | |
| Source of classification or shelving scheme | Library of Congress Classification |
| Koha item type | General Collection |
| Withdrawn status | Lost status | Source of classification or shelving scheme | Not for loan | Home library | Current library | Date acquired | Cost, normal purchase price | Inventory number | Total Checkouts | Full call number | Barcode | Date last seen | Date last checked out | Copy number | Price effective from | Koha item type |
|---|---|---|---|---|---|---|---|---|---|---|---|---|---|---|---|---|
| Library of Congress Classification | Kabarak, Main Campus | Kabarak, Main Campus | 23/08/2022 | 14610.00 | 0136/2022 | 1 | BV10.2 .S44 1996 C.1 | 032267 | 19/06/2025 | 26/05/2025 | C.1 | 23/08/2022 | General Collection |